Seguridad e higiene en el trabajo

Saved in:
書目詳細資料
主要作者: De-Vos Pascual, José Manuel (Author)
格式: 圖書
語言:西班牙语
出版: Madrid McGraw Hill 1994
主題:
標簽: 添加標簽
沒有標簽, 成為第一個標記此記錄!

MARC

LEADER 00000nam a2200000 a 4500
001 UCL2777
003 CL-VaPUC
008 031107e19940000SP |||||||||||||||||spa|d
082 0 4 |a 331.2596  |b DEV  |2 21 
100 0 |a De-Vos Pascual, José Manuel  |e author  |9 479886 
245 1 0 |a Seguridad e higiene en el trabajo 
300 |a 175 p 
942 |c BK 
945 |d 20031107 00:00:00  |a vberengu 
260 |a Madrid  |b McGraw Hill  |c 1994 
650 0 |a Trabajo  |9 313876 
650 0 |a Seguridad en el trabajo  |9 339687 
650 0 |a Prevención de accidentes   |9 262912 
650 0 |a Medidas de seguridad  |9 264085 
583 |a last modification  |c 20031107 00:00:00  |k Rodrigo Vera 
999 |c 305969  |d 305967 
952 |0 0  |1 0  |4 0  |6 331_259600000000000_DEV_1994  |7 0  |8 A  |9 370574  |a BIBING  |b BIBING  |d 2019-11-21  |i 3960609  |o 331.2596 DEV 1994  |p 3960609  |r 2025-01-20  |w 2019-11-21  |y BK  |k CCL